Electrical distribution system protection. A texbook and practical reference on overcurrent and overvoltage fundamentals, protective equipment and applications
محفوظ في:
| التنسيق: | كتاب |
|---|---|
| اللغة: | English |
| منشور في: |
United States : Cooper Power Systems
1990
|
| الوسوم: |
إضافة وسم
لا توجد وسوم, كن أول من يضع وسما على هذه التسجيلة!
|
MARC
| LEADER | 00000nam a2200000Ia 4500 | ||
|---|---|---|---|
| 003 | MV0068 | ||
| 005 | 20221231144013.0 | ||
| 008 | 140114s1990 us a 000 ||eng d | ||
| 040 | |c cru CEDI | ||
| 090 | |a MV 68 | ||
| 245 | |a Electrical distribution system protection. A texbook and practical reference on overcurrent and overvoltage fundamentals, protective equipment and applications | ||
| 260 | |a United States : Cooper Power Systems |c 1990 | ||
| 300 | |a 264 páginas : ilustraciones | ||
| 942 | |c MX | ||
| 999 | |c 15480 |d 15480 | ||
